00493 2200193 4500001002100000008004100021035002000062245003500082100001900117250001000136260004500146300002000191020002200211084001600233082001000249650001800259990001100277990001100288INLIS000000000015192 ind  a0010-1222000271 aKebenaran CintacWenny Lestari aWENNY, Lestari acet.1 aYogyakarta :bStiletto Indie Book,c2020 a70 hlm.c19 cm. a978-623-7656-79-1 a808.3 WEN k a808.3 aSASTRA, NOVEL a9995 a a9995 b